[Event "Portoroz op 13th"]
[Site "Portoroz"]
[Date "2019.07.11"]
[Round "7"]
[White "Kosmac, Blaz"]
[Black "Mlynek, Petr"]
[Result "1-0"]
[WhiteElo "2217"]
[BlackElo "2100"]
[PlyCount "35"]
[EventDate "2019.07.06"]
[EventType "swiss"]
[EventRounds "9"]
[EventCountry "SLO"]
[SourceTitle "CBM 191 Extra"]
[Source "ChessBase"]
[SourceDate "2019.09.30"]
[SourceVersion "1"]
[SourceVersionDate "2019.09.30"]
[SourceQuality "1"]

1. e4 c6 2. d4 d5 3. Nc3 dxe4 4. Nxe4 Nd7 5. Ng5 Ngf6 6. Bd3 e6 7. N1f3 Bd6 8. Qe2 h6 9. Ne4 Nxe4 10. Qxe4 Qc7 11. Bd2 b6 12. Qg4 Kf8 13. 0-0-0 Bb7 14. Rhe1 c5 15. dxc5 Nxc5 16. Bc3 Nxd3+ 17. Rxd3 Rg8 18. Rxe6 1-0

[Event "Portoroz op 13th"]
[Site "Portoroz"]
[Date "2019.07.09"]
[Round "5"]
[White "Guid, Matej"]
[Black "Mlynek, Petr"]
[Result "1-0"]
[WhiteElo "2331"]
[BlackElo "2100"]
[PlyCount "51"]
[EventDate "2019.07.06"]
[EventType "swiss"]
[EventRounds "9"]
[EventCountry "SLO"]
[SourceTitle "CBM 191 Extra"]
[Source "ChessBase"]
[SourceDate "2019.09.30"]
[SourceVersion "1"]
[SourceVersionDate "2019.09.30"]
[SourceQuality "1"]

1. e4 c6 2. d4 d5 3. f3 g6 4. Be3 Bg7 5. Nc3 e6 6. Qd2 Nd7 7. Nh3 b5 8. Be2 Nb6 9. b3 a5 10. e5 Ne7 11. g4 h5 12. Ng5 f6 13. exf6 Bxf6 14. 0-0 Qd6 15. Bf4 e5 16. dxe5 Bxe5 17. Nce4 dxe4 18. Qxd6 Bxd6 19. Bxd6 exf3 20. Bxf3 Ned5 21. Nf7 Rh7 22. Ne5 Nd7 23. Nxc6 N7f6 24. g5 Kd7 25. gxf6 Kxd6 26. Rad1 1-0

[Event "Niederoesterreich Landesliga 1819"]
[Site "Austria"]
[Date "2019.03.17"]
[Round "10.3"]
[White "Lovrinovic, Christian"]
[Black "Mlynek, Petr"]
[Result "1/2-1/2"]
[WhiteElo "2106"]
[BlackElo "2092"]
[PlyCount "58"]
[EventDate "2018.09.30"]
[EventType "team-tourn"]
[EventRounds "11"]
[EventCountry "AUT"]
[SourceTitle "CBM 189 Extra"]
[Source "ChessBase"]
[SourceDate "2019.05.31"]
[SourceVersion "1"]
[SourceVersionDate "2019.05.31"]
[SourceQuality "1"]
[WhiteTeam "Boehlerwerk"]
[BlackTeam "Zwettl"]
[WhiteTeamCountry "AUT"]
[BlackTeamCountry "AUT"]

1. d4 d5 2. c4 c6 3. Nf3 e6 4. e3 Nf6 5. b3 Bb4+ 6. Nbd2 c5 7. Bb2 cxd4 8. exd4 Nc6 9. Bd3 0-0 10. 0-0 b6 11. a3 Bd6 12. Re1 Bb7 13. Ne5 Rc8 14. Re3 Bb8 15. Rh3 g6 16. Ndf3 Ne4 17. Qc1 f6 18. Qh6 Rc7 19. cxd5 exd5 20. Nxg6 hxg6 21. Qh8+ Kf7 22. Qh7+ Ke8 23. Qxg6+ Rcf7 24. Bxe4 dxe4 25. Qxe4+ Re7 26. Qg6+ Kd7 27. Qf5+ Ke8 28. Qg6+ Kd7 29. Qf5+ Ke8 1/2-1/2